[Event "Mendoza Mendocino-ch sf"]
[Site "Mendoza"]
[Date "2023.09.30"]
[Round "5"]
[White "Luconi, Cristian"]
[Black "Gomez, Mauricio"]
[Result "1/2-1/2"]
[WhiteElo "2239"]
[BlackElo "1551"]
[PlyCount "126"]
[EventDate "2023.09.29"]
[EventType "swiss"]
[EventRounds "7"]
[EventCountry "ARG"]
[SourceTitle "CBM 216 Extra"]
[Source "ChessBase"]
[SourceDate "2023.11.30"]
[SourceVersion "1"]
[SourceVersionDate "2023.11.30"]
[SourceQuality "1"]

1. d4 d5 2. Nf3 Nf6 3. Bf4 e6 4. Nbd2 c5 5. e3 Nc6 6. c3 Be7 7. Bd3 b6 8. Ne5 Nxe5 9. Bxe5 0-0 10. 0-0 Nd7 11. Bg3 f5 12. f4 Bh4 13. Bxh4 Qxh4 14. Rf3 Qh5 15. Qe1 Rf6 16. Rh3 Qf7 17. Nf3 Rh6 18. Rxh6 gxh6 19. Qh4 Qf6 20. Qh3 a5 21. Kf2 Qg6 22. Qh4 Nf6 23. Ne5 Qg7 24. h3 Ba6 25. Bc2 cxd4 26. exd4 h5 27. Rg1 Qh6 28. Qg5+ Qxg5 29. fxg5 Ne4+ 30. Bxe4 fxe4 31. h4 b5 32. Ke3 b4 33. cxb4 Rc8 34. bxa5 Rc2 35. b4 Re2+ 36. Kf4 Rf2+ 37. Kg3 Rxa2 38. Nd7 Ra3+ 39. Kf4 e3 40. Nc5 Bb5 41. Re1 e2 42. a6 Ra2 43. Ke3 Kf7 44. Kf2 e5 45. Nb3 Rxa6 46. dxe5 Ra4 47. Nd4 Rxb4 48. e6+ Ke7 49. Nxb5 Rxb5 50. Rxe2 Rb6 51. Re5 Rd6 52. Ke3 Rxe6 53. Kf4 Kf7 54. Rxd5 Ra6 55. Rd3 Ra4+ 56. Ke5 Ra5+ 57. Kf4 Ra6 58. Rd4 Kg6 59. Rc4 Rb6 60. g4 hxg4 61. Kxg4 Ra6 62. h5+ Kg7 63. h6+ Kf7 1/2-1/2

[Event "Mendoza Mendocino-ch sf"]
[Site "Mendoza"]
[Date "2023.09.30"]
[Round "3"]
[White "Luconi, Cristian"]
[Black "Leal, Jorge Augusto"]
[Result "1-0"]
[WhiteElo "2239"]
[BlackElo "1992"]
[PlyCount "66"]
[EventDate "2023.09.29"]
[EventType "swiss"]
[EventRounds "7"]
[EventCountry "ARG"]
[SourceTitle "CBM 216 Extra"]
[Source "ChessBase"]
[SourceDate "2023.11.30"]
[SourceVersion "1"]
[SourceVersionDate "2023.11.30"]
[SourceQuality "1"]

1. d4 d5 2. Nf3 Nf6 3. Bf4 e6 4. Nbd2 c5 5. e3 Bd6 6. Bg3 Nc6 7. c3 0-0 8. Bd3 Qe7 9. Ne5 Nd7 10. Nxd7 Bxd7 11. Bxd6 Qxd6 12. dxc5 Qe7 13. 0-0 e5 14. e4 Qxc5 15. Nb3 Qd6 16. exd5 Ne7 17. c4 b5 18. cxb5 Qxd5 19. Qe2 Ng6 20. Rfd1 Nf4 21. Bxh7+ Kh8 22. Rxd5 Nxe2+ 23. Kf1 Be6 24. Rc5 Bc4 25. Na5 Kxh7 26. Nxc4 Nf4 27. g3 Ne6 28. Rc6 Nd4 29. Ra6 Nc2 30. Rd1 Rac8 31. b3 Nb4 32. a3 Na2 33. Rd2 Rc7 1-0

[Event "Mendoza Mendocino-ch sf"]
[Site "Mendoza"]
[Date "2023.09.29"]
[Round "2"]
[White "Luconi, Cristian"]
[Black "Fernandez Fornes, Juan Alberto"]
[Result "1-0"]
[WhiteElo "2239"]
[BlackElo "2287"]
[PlyCount "107"]
[EventDate "2023.09.29"]
[EventType "swiss"]
[EventRounds "7"]
[EventCountry "ARG"]
[SourceTitle "CBM 216 Extra"]
[Source "ChessBase"]
[SourceDate "2023.11.30"]
[SourceVersion "1"]
[SourceVersionDate "2023.11.30"]
[SourceQuality "1"]

1. d4 Nf6 2. Nf3 e6 3. Bf4 c5 4. e3 Be7 5. Nbd2 b6 6. Bd3 Bb7 7. c3 0-0 8. Qe2 d6 9. h3 Nbd7 10. 0-0 Qc7 11. e4 e5 12. dxe5 dxe5 13. Bg5 Rfd8 14. Bc4 Nf8 15. Bxf6 Bxf6 16. Rfd1 Ne6 17. Bxe6 fxe6 18. Nf1 Qc6 19. Ng3 a5 20. Rxd8+ Rxd8 21. Rd1 Rd6 22. Rxd6 Qxd6 23. Qb5 Kf8 24. a4 Ke7 25. Qe2 g6 26. Nd2 Qc6 27. b3 Bh4 28. Ngf1 Bf6 29. g3 Kf7 30. h4 Qd7 31. Ne3 Bd8 32. Ng4 Bc7 33. Nc4 Ke7 34. Qf3 Kd8 35. Ngxe5 Qe7 36. Qe3 Ke8 37. Ng4 Qd8 38. Qe2 Ba6 39. Nge3 Bb7 40. Qg4 Qd7 41. h5 Kf7 42. hxg6+ hxg6 43. Qf3+ Kg7 44. Ng4 Qe7 45. Qe3 Kg8 46. e5 Qd8 47. Nd2 Kf7 48. Qf4+ Kg7 49. Qh6+ Kf7 50. Qh7+ Kf8 51. Nf6 Bxe5 52. Qg8+ Ke7 53. Qg7+ Kd6 54. Nc4+ 1-0

[Event "Mendoza op"]
[Site "Mendoza"]
[Date "2014.11.24"]
[Round "7"]
[White "Luconi, Cristian"]
[Black "Basualto Penalieres, Pedro Jaime"]
[Result "1-0"]
[WhiteElo "2299"]
[BlackElo "2045"]
[PlyCount "39"]
[EventDate "2014.11.21"]
[EventType "swiss"]
[EventRounds "7"]
[EventCountry "ARG"]
[SourceTitle "CBM 163 Extra"]
[Source "ChessBase"]
[SourceDate "2014.12.23"]
[SourceVersion "1"]
[SourceVersionDate "2014.12.23"]
[SourceQuality "1"]

1. d4 d5 2. Nf3 Nf6 3. Bf4 e6 4. Nbd2 c5 5. e3 Nc6 6. c3 Be7 7. Bd3 Nh5 8. Bg3 Nxg3 9. hxg3 h6 10. Ne5 Nxe5 11. dxe5 Bd7 12. Qe2 Qb6 13. Rb1 Bc6 14. Nf3 0-0-0 15. b4 cxb4 16. 0-0 Qa5 17. cxb4 Bxb4 18. Nd4 Kc7 19. Qb2 Bc3 20. Nxc6 1-0

[Event "Mendoza op"]
[Site "Mendoza"]
[Date "2014.11.22"]
[Round "4"]
[White "Duarte, Leonardo"]
[Black "Luconi, Cristian"]
[Result "0-1"]
[WhiteElo "2336"]
[BlackElo "2299"]
[PlyCount "68"]
[EventDate "2014.11.21"]
[EventType "swiss"]
[EventRounds "7"]
[EventCountry "ARG"]
[SourceTitle "CBM 163 Extra"]
[Source "ChessBase"]
[SourceDate "2014.12.23"]
[SourceVersion "1"]
[SourceVersionDate "2014.12.23"]
[SourceQuality "1"]

1. e4 c6 2. d4 d5 3. Nd2 Qb6 4. c3 dxe4 5. Nxe4 Bf5 6. Ng3 Bg6 7. h4 h6 8. Nf3 Nd7 9. Bc4 e6 10. Qe2 Ngf6 11. h5 Bh7 12. 0-0 Be7 13. Bb3 0-0 14. c4 Rfe8 15. Rd1 Qc7 16. Ne5 c5 17. Ba4 cxd4 18. Nxd7 Nxd7 19. Rxd4 Bc5 20. Bf4 Qa5 21. Rxd7 Qxa4 22. Rxb7 Rad8 23. Be5 Bd4 24. Bxd4 Rxd4 25. Qf3 f5 26. b3 Qa6 27. Rc7 Rg4 28. a4 Qd6 29. Rxa7 Qd4 30. Ra8 Qxa1+ 31. Nf1 Rxa8 32. Qxa8+ Kf7 33. c5 Re4 34. Qb7+ Kf6 0-1

[Event "Mendoza op"]
[Site "Mendoza"]
[Date "2014.11.22"]
[Round "3"]
[White "Luconi, Cristian"]
[Black "Abarca Gonzalez, Damaris"]
[Result "1-0"]
[WhiteElo "2299"]
[BlackElo "2035"]
[PlyCount "83"]
[EventDate "2014.11.21"]
[EventType "swiss"]
[EventRounds "7"]
[EventCountry "ARG"]
[SourceTitle "CBM 163 Extra"]
[Source "ChessBase"]
[SourceDate "2014.12.23"]
[SourceVersion "1"]
[SourceVersionDate "2014.12.23"]
[SourceQuality "1"]

1. d4 d5 2. Nf3 Nf6 3. Bf4 Bf5 4. e3 e6 5. Ne5 Nbd7 6. g4 Bg6 7. h4 h6 8. Nxg6 fxg6 9. Bd3 Kf7 10. Qf3 Bd6 11. Bxd6 cxd6 12. g5 hxg5 13. hxg5 Rxh1+ 14. Qxh1 Ne4 15. Qf3+ Ke7 16. Bxe4 dxe4 17. Qxe4 Qa5+ 18. Nc3 Qxg5 19. 0-0-0 Rb8 20. f4 Qf5 21. Qg2 b5 22. Rg1 b4 23. Ne4 Nf8 24. Qf3 Qa5 25. Kb1 Rc8 26. Nd2 Qc7 27. Rc1 Qc6 28. e4 Qb5 29. Nb3 a5 30. d5 Qb6 31. Qd3 a4 32. Nd4 Rc5 33. Nc6+ Kf7 34. f5 gxf5 35. exf5 exd5 36. Nd4 Rc4 37. Ne6 Nxe6 38. Qxd5 Qc6 39. Qxe6+ Kf8 40. f6 gxf6 41. Qxf6+ Ke8 42. Re1+ 1-0

[Event "Pereyra Puebla Memorial 07th"]
[Site "Mendoza"]
[Date "2008.12.12"]
[Round "9"]
[White "Luconi, Cristian"]
[Black "Perez Ponsa, Federico"]
[Result "1-0"]
[WhiteElo "2300"]
[BlackElo "2363"]
[PlyCount "91"]
[EventDate "2008.12.05"]
[EventType "tourn"]
[EventRounds "9"]
[EventCountry "ARG"]
[EventCategory "4"]
[SourceTitle "CBM 127 Extra"]
[Source "ChessBase"]
[SourceDate "2009.01.08"]
[SourceVersion "2"]
[SourceVersionDate "2009.01.28"]
[SourceQuality "1"]

1. d4 Nf6 2. Nf3 c5 3. d5 e6 4. Nc3 exd5 5. Nxd5 Nxd5 6. Qxd5 Be7 7. e4 0-0 8. Bc4 d6 9. 0-0 Nd7 10. Rd1 Nb6 11. Qd3 Nxc4 12. Qxc4 Qb6 13. Qb3 Be6 14. Qxb6 axb6 15. Bf4 Rfd8 16. a4 Rac8 17. Ng5 d5 18. Nxe6 fxe6 19. exd5 exd5 20. Be5 Rc6 21. g3 Kf7 22. Rd3 Re6 23. f4 Bf6 24. Bxf6 gxf6 25. Kf2 d4 26. Rad1 Ra8 27. b3 Rae8 28. R1d2 Re3 29. c3 Rxd3 30. Rxd3 Rd8 31. cxd4 cxd4 32. f5 Rd5 33. g4 Ke7 34. Ke2 h5 35. gxh5 Rxf5 36. Rh3 Kf7 37. Kd3 Rd5 38. h6 Kg8 39. Rh4 Kh7 40. Rxd4 Rxd4+ 41. Kxd4 Kxh6 42. Ke4 Kg5 43. b4 Kg4 44. b5 f5+ 45. Ke3 f4+ 46. Kf2 1-0

[Event "Pereyra Puebla Memorial 07th"]
[Site "Mendoza"]
[Date "2008.12.11"]
[Round "8"]
[White "Castro Rojas, Oscar Humberto"]
[Black "Luconi, Cristian"]
[Result "1-0"]
[WhiteElo "2395"]
[BlackElo "2300"]
[PlyCount "65"]
[EventDate "2008.12.05"]
[EventType "tourn"]
[EventRounds "9"]
[EventCountry "ARG"]
[EventCategory "4"]
[SourceTitle "CBM 127 Extra"]
[Source "ChessBase"]
[SourceDate "2009.01.08"]
[SourceVersion "2"]
[SourceVersionDate "2009.01.28"]
[SourceQuality "1"]

1. e4 d5 2. exd5 Nf6 3. d4 Nxd5 4. Nf3 g6 5. c4 Nb6 6. h3 Bg7 7. Nc3 Nc6 8. d5 Ne5 9. Bf4 Nxf3+ 10. Qxf3 0-0 11. Rd1 Bd7 12. c5 Na4 13. c6 Nxc3 14. bxc3 Bc8 15. Bc4 b6 16. 0-0 a5 17. Rfe1 Ba6 18. Bxa6 Rxa6 19. Qe2 Ra7 20. Rd3 Re8 21. c4 Bf8 22. Qe3 Ra8 23. Qg3 Ra7 24. Re4 Qc8 25. Rde3 Qa6 26. Bxc7 b5 27. c5 Raa8 28. Bd6 e6 29. c7 Bh6 30. Bf4 Bxf4 31. Qxf4 Qc8 32. c6 Ra6 33. Rd4 1-0

[Event "Pereyra Puebla Memorial 07th"]
[Site "Mendoza"]
[Date "2008.12.09"]
[Round "6"]
[White "Herrera, Martin"]
[Black "Luconi, Cristian"]
[Result "0-1"]
[WhiteElo "2191"]
[BlackElo "2300"]
[PlyCount "104"]
[EventDate "2008.12.05"]
[EventType "tourn"]
[EventRounds "9"]
[EventCountry "ARG"]
[EventCategory "4"]
[SourceTitle "CBM 127 Extra"]
[Source "ChessBase"]
[SourceDate "2009.01.08"]
[SourceVersion "2"]
[SourceVersionDate "2009.01.28"]
[SourceQuality "1"]

1. c4 Nf6 2. Nc3 e6 3. e4 d5 4. e5 Ne4 5. Bd3 Nc5 6. Qe2 Nxd3+ 7. Qxd3 dxc4 8. Qxc4 Nc6 9. Nf3 Be7 10. d4 0-0 11. 0-0 Nb4 12. Ne1 b5 13. Qe2 a6 14. Be3 Bb7 15. a4 bxa4 16. Nxa4 a5 17. Qg4 f5 18. exf6 Rxf6 19. Bg5 Rg6 20. Bxe7 Qxe7 21. Qe2 Ba6 22. Qe4 Rf8 23. Nc5 Bxf1 24. Kxf1 Nd5 25. Rxa5 Rgf6 26. Nf3 Nb6 27. Ra7 Nc4 28. Qc6 Qd6 29. Rxc7 Qf4 30. Nd3 Nd2+ 31. Ke2 Nxf3 32. gxf3 Qxd4 33. Qe4 Qd6 34. Qb7 R6f7 35. Rxf7 Rxf7 36. Qc8+ Rf8 37. Qc4 Qxh2 38. Qxe6+ Kh8 39. f4 Qh5+ 40. Kd2 Re8 41. Qc4 Qe2+ 42. Kc3 h5 43. f5 Qf3 44. Qf4 Rc8+ 45. Kd2 Qc6 46. Qd4 Qc2+ 47. Ke3 Re8+ 48. Kf3 Qe2+ 49. Kg2 Re4 50. Qd8+ Kh7 51. Kg3 Rg4+ 52. Kh2 Qd1 0-1

[Event "Pereyra Puebla Memorial 07th"]
[Site "Mendoza"]
[Date "2008.12.06"]
[Round "3"]
[White "Zuriel, Marisa"]
[Black "Luconi, Cristian"]
[Result "1/2-1/2"]
[WhiteElo "2189"]
[BlackElo "2300"]
[PlyCount "59"]
[EventDate "2008.12.05"]
[EventType "tourn"]
[EventRounds "9"]
[EventCountry "ARG"]
[EventCategory "4"]
[SourceTitle "CBM 127 Extra"]
[Source "ChessBase"]
[SourceDate "2009.01.08"]
[SourceVersion "2"]
[SourceVersionDate "2009.01.28"]
[SourceQuality "1"]

1. e4 d5 2. exd5 Nf6 3. d4 Nxd5 4. Nf3 g6 5. c4 Nb6 6. a4 a5 7. c5 Nd5 8. Bc4 Bg7 9. Qb3 c6 10. Nc3 0-0 11. 0-0 Nxc3 12. bxc3 h6 13. Ne5 e6 14. f4 Na6 15. Be3 Nc7 16. Rae1 Nd5 17. Bd2 Qc7 18. Bd3 Rb8 19. c4 Nb4 20. Bb1 Qd8 21. Qe3 Bd7 22. Kh1 Be8 23. Bc3 b6 24. cxb6 Qxb6 25. Rf3 Qc7 26. h4 h5 27. Rg1 c5 28. dxc5 Nc6 29. Nxc6 Bxc6 30. Bxg7 1/2-1/2

[Event "Pereyra Puebla Memorial 07th"]
[Site "Mendoza"]
[Date "2008.12.05"]
[Round "1"]
[White "Van Riemsdijk, Herman Claudius"]
[Black "Luconi, Cristian"]
[Result "1/2-1/2"]
[WhiteElo "2403"]
[BlackElo "2300"]
[PlyCount "28"]
[EventDate "2008.12.05"]
[EventType "tourn"]
[EventRounds "9"]
[EventCountry "ARG"]
[EventCategory "4"]
[SourceTitle "CBM 127 Extra"]
[Source "ChessBase"]
[SourceDate "2009.01.08"]
[SourceVersion "2"]
[SourceVersionDate "2009.01.28"]
[SourceQuality "1"]

1. e4 c6 2. c4 e5 3. Nf3 d6 4. d4 Bg4 5. Be2 Nd7 6. 0-0 Ngf6 7. Nc3 Be7 8. Be3 0-0 9. Nd2 Bxe2 10. Qxe2 Re8 11. Rab1 Bf8 12. b4 exd4 13. Bxd4 d5 14. cxd5 Nxd5 1/2-1/2

[Event "Santiago de Chile"]
[Site "Santiago de Chile"]
[Date "2008.10.20"]
[Round "10"]
[White "Luconi, Cristian"]
[Black "Vargas Maliqueo, Ivan Patricio"]
[Result "1/2-1/2"]
[WhiteElo "2300"]
[BlackElo "2209"]
[PlyCount "145"]
[EventDate "2008.10.13"]
[EventType "tourn"]
[EventRounds "11"]
[EventCountry "CHI"]
[EventCategory "4"]
[SourceTitle "EXT 2009"]
[Source "ChessBase"]
[SourceDate "2008.11.26"]
[SourceVersion "1"]
[SourceVersionDate "2008.11.26"]
[SourceQuality "1"]

1. d4 d5 2. Nf3 c6 3. Bf4 Bf5 4. c3 Nd7 5. Nbd2 Ngf6 6. e3 h6 7. Ne5 Nxe5 8. Bxe5 Nd7 9. Bg3 Qb6 10. b4 a5 11. a3 e6 12. Nb3 a4 13. Nd2 Be7 14. Be2 0-0 15. 0-0 Qa7 16. c4 b6 17. Rc1 Rfc8 18. cxd5 exd5 19. Bf3 Nf6 20. Be5 Nd7 21. e4 Nxe5 22. dxe5 Be6 23. exd5 cxd5 24. Nb1 Rxc1 25. Qxc1 Rc8 26. Qd1 Qd7 27. Qd4 Qc6 28. Be2 Bf5 29. h3 Qg6 30. Nc3 Bxh3 31. Bf3 Bf5 32. Nxd5 Bd8 33. Ne3 Be6 34. Bb7 Rb8 35. Be4 Qg5 36. f4 Qg3 37. Qd2 b5 38. Qf2 Qxf2+ 39. Kxf2 Bb6 40. Rd1 Rc8 41. Kf3 Rc3 42. Rd3 Rb3 43. Ke2 Bc4 44. Nxc4 bxc4 45. Rxb3 axb3 46. Bd5 b2 47. Be4 g5 48. fxg5 hxg5 49. Kd1 Kf8 50. Kc2 Bd4 51. Bd5 c3 52. g4 Ke7 53. a4 Bxe5 54. Be4 Kd6 55. a5 Bd4 56. b5 Kc5 57. b6 Kb4 58. b7 Ba7 59. a6 f6 60. Kb1 Kc4 61. Kc2 Kd4 62. Bf5 Bb8 63. Kb1 Kc4 64. Kc2 Ba7 65. Kb1 Kb3 66. Bc2+ Kc4 67. Bf5 Bb8 68. Kc2 Kb4 69. Kb1 Kc4 70. Kc2 Kd4 71. Kb1 Ke3 72. Kc2 Kf4 73. Kb1 1/2-1/2

[Event "Santiago de Chile"]
[Site "Santiago de Chile"]
[Date "2008.10.17"]
[Round "5"]
[White "Valenzuela Fuentealba, Luis"]
[Black "Luconi, Cristian"]
[Result "1-0"]
[WhiteElo "2434"]
[BlackElo "2300"]
[PlyCount "61"]
[EventDate "2008.10.13"]
[EventType "tourn"]
[EventRounds "11"]
[EventCountry "CHI"]
[EventCategory "4"]
[SourceTitle "EXT 2009"]
[Source "ChessBase"]
[SourceDate "2008.11.26"]
[SourceVersion "1"]
[SourceVersionDate "2008.11.26"]
[SourceQuality "1"]

1. d4 d5 2. c4 e6 3. Nf3 Nf6 4. Nc3 c6 5. e3 Nbd7 6. Qc2 Bd6 7. Bd3 0-0 8. 0-0 Re8 9. b3 dxc4 10. bxc4 e5 11. Rd1 Qe7 12. Ng5 g6 13. Nce4 Nxe4 14. Nxe4 Bb8 15. a4 exd4 16. exd4 f5 17. Ng5 Nf6 18. Nf3 Ne4 19. Re1 Bd7 20. Bb2 Bc7 21. a5 h6 22. g3 Qf7 23. Nh4 Bd8 24. Nf3 Bf6 25. h4 Bg7 26. Re2 Kh8 27. Rae1 Nd6 28. Ne5 Rxe5 29. dxe5 Ne4 30. Bxe4 fxe4 31. e6 1-0

[Event "Santiago de Chile"]
[Site "Santiago de Chile"]
[Date "2008.10.13"]
[Round "1"]
[White "Luconi, Cristian"]
[Black "Sepulveda Herrera, Job Rodrigo"]
[Result "0-1"]
[WhiteElo "2300"]
[BlackElo "2325"]
[PlyCount "63"]
[EventDate "2008.10.13"]
[EventType "tourn"]
[EventRounds "11"]
[EventCountry "CHI"]
[EventCategory "4"]
[SourceTitle "EXT 2009"]
[Source "ChessBase"]
[SourceDate "2008.11.26"]
[SourceVersion "1"]
[SourceVersionDate "2008.11.26"]
[SourceQuality "1"]

1. d4 d5 2. Nf3 Nf6 3. Bf4 e6 4. Nbd2 Bd6 5. Bg3 b6 6. e3 Bb7 7. Bd3 0-0 8. Ne5 c5 9. c3 Nc6 10. f4 Rc8 11. Qf3 a6 12. 0-0 g6 13. Bh4 Be7 14. Bg5 Ne8 15. Bh6 Ng7 16. Qh3 f5 17. Ndf3 Nxe5 18. Nxe5 Bf6 19. Nf3 b5 20. g4 b4 21. g5 Be7 22. Ne5 Qe8 23. Rf3 Bd6 24. cxb4 cxd4 25. exd4 Bxb4 26. Qf1 Qa4 27. Bxg7 Kxg7 28. Qh3 Ba5 29. Qh6+ Kg8 30. Kf1 Qxd4 31. Rd1 Bb6 32. Ke2 0-1

[Event "ARG-ch 82nd"]
[Site "Mendoza"]
[Date "2008.05.25"]
[Round "6"]
[White "Valerga, Diego"]
[Black "Luconi, Cristian"]
[Result "1-0"]
[WhiteElo "2482"]
[BlackElo "2306"]
[PlyCount "45"]
[EventDate "2008.05.20"]
[EventType "tourn"]
[EventRounds "11"]
[EventCountry "ARG"]
[EventCategory "9"]
[SourceTitle "CBM 124 Extra"]
[Source "ChessBase"]
[SourceDate "2008.07.03"]
[SourceVersion "1"]
[SourceVersionDate "2008.07.03"]
[SourceQuality "1"]

1. e4 d5 2. exd5 Nf6 3. d4 Nxd5 4. Nf3 g6 5. c4 Nb6 6. Nc3 Bg7 7. h3 Nc6 8. Be3 0-0 9. Be2 e5 10. d5 Ne7 11. g4 e4 12. Nxe4 f5 13. Nc3 fxg4 14. hxg4 Rxf3 15. Bxf3 Nxc4 16. Qb3 Nxe3 17. d6+ N3d5 18. dxe7 Qxe7+ 19. Kf1 c6 20. Re1 Qf8 21. Nxd5 cxd5 22. Qxd5+ Kh8 23. Kg2 1-0

[Event "ARG-ch 82nd"]
[Site "Mendoza"]
[Date "2008.05.24"]
[Round "5"]
[White "Luconi, Cristian"]
[Black "Flores, Diego"]
[Result "0-1"]
[WhiteElo "2306"]
[BlackElo "2548"]
[PlyCount "42"]
[EventDate "2008.05.20"]
[EventType "tourn"]
[EventRounds "11"]
[EventCountry "ARG"]
[EventCategory "9"]
[SourceTitle "CBM 124 Extra"]
[Source "ChessBase"]
[SourceDate "2008.07.03"]
[SourceVersion "1"]
[SourceVersionDate "2008.07.03"]
[SourceQuality "1"]

1. d4 g6 2. Nf3 Bg7 3. c3 f5 4. Qc2 Nf6 5. Bg5 0-0 6. Nbd2 d5 7. Bxf6 Bxf6 8. Ne5 c5 9. e3 Bxe5 10. dxe5 f4 11. e4 d4 12. Bc4+ Kg7 13. Nb3 Nc6 14. Rd1 f3 15. g3 Qb6 16. 0-0 Bh3 17. Rfe1 Rac8 18. cxd4 cxd4 19. Qd2 Nxe5 20. Bf1 Bxf1 21. Rxf1 Qe6 0-1

[Event "Santiago de Chile"]
[Site "Santiago de Chile"]
[Date "2007.09.30"]
[Round "5"]
[White "Luconi, Cristian"]
[Black "Jorquera Cahuin, Marcelo Joaquin"]
[Result "1/2-1/2"]
[WhiteElo "2297"]
[BlackElo "2309"]
[PlyCount "83"]
[EventDate "2007.09.26"]
[EventType "tourn"]
[EventRounds "11"]
[EventCountry "CHI"]
[EventCategory "5"]
[SourceTitle "CBM 120 Extra"]
[Source "ChessBase"]
[SourceDate "2007.11.01"]
[SourceVersion "1"]
[SourceVersionDate "2007.11.01"]
[SourceQuality "1"]

1. d4 d5 2. Nf3 Nf6 3. Bf4 c5 4. e3 Nc6 5. c3 Qb6 6. Qc2 Bg4 7. Nbd2 e6 8. Qb3 c4 9. Qxb6 axb6 10. a3 b5 11. Rc1 h6 12. h3 Bf5 13. Be2 Be7 14. 0-0 0-0 15. Rfe1 Nd7 16. Bd1 Bd3 17. e4 Rfe8 18. Bc2 Bxc2 19. Rxc2 Nb6 20. Nf1 dxe4 21. Rxe4 Nd5 22. Bc1 Bd6 23. g3 Na5 24. Re1 Nc6 25. Rce2 Kf8 26. Ne3 Nxe3 27. Bxe3 Ne7 28. Nd2 Nd5 29. Nf1 Ke7 30. Bc1 Kd7 31. Ne3 Nb6 32. Ng2 h5 33. Bf4 Be7 34. Re5 g6 35. h4 Kc6 36. Bg5 Bd6 37. R5e2 Nd5 38. Ne3 Rec8 39. Nxd5 Kxd5 40. Kg2 Kc6 41. Kf3 Bf8 42. Bf6 1/2-1/2

[Event "Santiago de Chile"]
[Site "Santiago de Chile"]
[Date "2007.09.29"]
[Round "4"]
[White "Alonso, Salvador"]
[Black "Luconi, Cristian"]
[Result "1/2-1/2"]
[WhiteElo "2403"]
[BlackElo "2297"]
[PlyCount "23"]
[EventDate "2007.09.26"]
[EventType "tourn"]
[EventRounds "11"]
[EventCountry "CHI"]
[EventCategory "5"]
[SourceTitle "CBM 120 Extra"]
[Source "ChessBase"]
[SourceDate "2007.11.01"]
[SourceVersion "1"]
[SourceVersionDate "2007.11.01"]
[SourceQuality "1"]

1. e4 d5 2. exd5 Nf6 3. d4 Nxd5 4. Nf3 Bg4 5. Be2 e6 6. 0-0 Be7 7. c4 Nb6 8. Nc3 Nc6 9. b3 Kf8 10. Be3 Bf5 11. Qd2 Bf6 12. Rfd1 1/2-1/2

[Event "American Continental 03rd"]
[Site "Buenos Aires"]
[Date "2005.08.11"]
[Round "6"]
[White "Dolezal, Cristian"]
[Black "Luconi, Cristian"]
[Result "1/2-1/2"]
[WhiteElo "2402"]
[BlackElo "2258"]
[PlyCount "74"]
[EventDate "2005.08.06"]
[EventType "swiss"]
[EventRounds "11"]
[EventCountry "ARG"]
[SourceTitle "CBM 107 Extra"]
[Source "ChessBase"]
[SourceDate "2005.09.01"]
[SourceVersion "1"]
[SourceVersionDate "2005.09.01"]
[SourceQuality "1"]

1. e4 c6 2. d4 d5 3. e5 Bf5 4. h4 h5 5. c4 dxc4 6. Bxc4 e6 7. Nc3 Be7 8. Be3 Nh6 9. Qd2 Nd7 10. Nge2 Nb6 11. Bb3 Qd7 12. Ng3 Bg6 13. Bxh6 Rxh6 14. Nge4 0-0-0 15. 0-0-0 Qc7 16. Qe3 Kb8 17. Bc2 Nd5 18. Nxd5 cxd5 19. Nc3 Rc8 20. Bxg6 Rxg6 21. g3 Qa5 22. Kb1 Rg4 23. f4 Rc6 24. Rh2 Bb4 25. Rc2 Bxc3 26. Rxc3 Rxc3 27. bxc3 Rg6 28. Qd3 Rh6 29. Rc1 Rh8 30. c4 dxc4 31. Qxc4 Qb6+ 32. Ka1 Rd8 33. Rd1 Rc8 34. Qd3 Qb4 35. d5 exd5 36. Qxd5 Qc3+ 37. Kb1 Qc2+ 1/2-1/2

[Event "Pereyra Puebla Memorial 03rd"]
[Site "Mendoza"]
[Date "2004.12.16"]
[Round "8"]
[White "Bernal, Gustavo"]
[Black "Luconi, Cristian"]
[Result "0-1"]
[WhiteElo "2174"]
[BlackElo "2258"]
[PlyCount "87"]
[EventDate "2004.12.11"]
[EventType "swiss"]
[EventRounds "9"]
[EventCountry "ARG"]
[SourceTitle "CBM 103 Extra"]
[Source "ChessBase"]
[SourceDate "2005.01.01"]
[SourceVersion "1"]
[SourceVersionDate "2005.01.01"]
[SourceQuality "1"]

1. d4 d5 2. Nf3 Nf6 3. c4 e6 4. Nc3 c6 5. cxd5 exd5 6. Bg5 Be7 7. Qc2 Bg4 8. e3 Nbd7 9. Bd3 Bh5 10. Bxf6 Nxf6 11. Ne5 Bg6 12. 0-0 Bxd3 13. Qxd3 0-0 14. f4 Bb4 15. Ne2 Ne4 16. Ng3 Nxg3 17. hxg3 Qe7 18. Kf2 f6 19. Nf3 Rae8 20. a3 Ba5 21. b4 Bb6 22. Rh1 Qe4 23. Qxe4 Rxe4 24. Rhc1 Rfe8 25. Rc3 Ra8 26. Rb1 a6 27. Nd2 Re7 28. Rcc1 Rae8 29. Nf3 Ra8 30. a4 Kf7 31. g4 h6 32. Rd1 g6 33. Rh1 Kg7 34. Rhc1 Rc8 35. Ne1 Rce8 36. Nc2 h5 37. gxh5 gxh5 38. Rh1 Rh8 39. Rh3 Kg6 40. Ne1 Reh7 41. Nd3 Kf5 42. Rc1 Ke4 43. Ke2 Kf5 44. Kf3 0-1